অচেনা এই কলকাতা / (Record no. 65615)
[ view plain ]
| 000 -LEADER | |
|---|---|
| fixed length control field | 00821nam a22002297a 4500 |
| 001 - CONTROL NUMBER | |
| control field | 65615 |
| 003 - CONTROL NUMBER IDENTIFIER | |
| rucl marc code | BD-RjUL |
| 005 - DATE AND TIME OF LATEST TRANSACTION | |
| control field | 20211209081438.0 |
| 008 - FIXED-LENGTH DATA ELEMENTS--GENERAL INFORMATION | |
| fixed length control field | 170308s1982 ii a|||| |||| 00| 0 ben d |
| 020 ## - INTERNATIONAL STANDARD BOOK NUMBER | |
| Terms of availability | : TK. 20.00 |
| 035 ## - SYSTEM CONTROL NUMBER | |
| System control number | (BD-RjUL)65745 |
| 040 ## - CATALOGING SOURCE | |
| Original cataloging agency | BD-RjUL |
| Language of cataloging | ben |
| Transcribing agency | BD-RjUL |
| Modifying agency | BD-RjUL |
| 041 ## - LANGUAGE CODE | |
| Language code of text/sound track or separate title | ben |
| 082 ## - DEWEY DECIMAL CLASSIFICATION NUMBER | |
| Edition number | 23 |
| Classification number | 954.147 |
| Author mark and year | OCH 1982 |
| 245 ## - TITLE STATEMENT | |
| Title | অচেনা এই কলকাতা / |
| Statement of responsibility, etc. | রমাপদ চৌধুরী সম্পাদিত |
| 260 ## - PUBLICATION, DISTRIBUTION, ETC. (IMPRINT) | |
| Place of publication, distribution, etc. | কলকাতা : |
| Name of publisher, distributor, etc. | সংবাদ, |
| Date of publication, distribution, etc. | ১৯৮২. |
| 300 ## - PHYSICAL DESCRIPTION | |
| Pagination | ২৫০ পৃ. : |
| Illustrations | চিত্র ; |
| Size | ১৮ সেমি. |
| 651 ## - SUBJECT ADDED ENTRY--GEOGRAPHIC NAME | |
| Geographic name | ভারত(কলিকাতা) |
| Form subdivision | ইতিহাস |
| 9 (RLIN) | 194107 |
| Geographic name | India(Calcutta) |
| Form subdivision | History |
| 9 (RLIN) | 194108 |
| 700 ## - ADDED ENTRY--PERSONAL NAME | |
| Personal name | চৌধুরী, রমাপদ |
| 942 ## - ADDED ENTRY ELEMENTS (KOHA) | |
| Source of classification or shelving scheme | Dewey Decimal Classification |
| Koha item type | Books |
| Lost status | Source of classification or shelving scheme | Damaged status | Not for loan | Collection code | Permanent Location | Current Location | Shelving location | Date acquired | Total Checkouts | Full call number | Date last seen | Copy number | Koha item type |
|---|---|---|---|---|---|---|---|---|---|---|---|---|---|
| Dewey Decimal Classification | Not For Loan | Non-fiction | Central Library, University of Rajshahi | Central Library, University of Rajshahi | Reading Room | 06/03/1984 | B 954.147 OCH 1982 | 08/03/2017 | C-1 | Books |